000
00273 a2200109 4500
001
75200
005
20251212151042.0
090
_a
75200
100
_a
20251212 pory50
200
_a
Gaspar Ruiz e um par de outras histórias
_f
Joseph Conrad
210
_c
Minotauro
_d
2025
942
_c
MON